000 00628cam a2200145 4500500
005 20260111093705.0
041 _afre
042 _adc
100 1 0 _aMiossec, Alain
_eauthor
245 0 0 _aJacques Guillaume, La Norvège, un pays prospère aux marges de l’Europe (à compte d’auteur : 64 chemin de la Graousse, 09 000 FOIX, (guillaume-puisegur.aj@orange.fr) 2022, 143 pages (prix non communiqué)
260 _c2023.
500 _a70
786 0 _nLa Géographie | 1590 | 3 | 2023-09-01 | p. 54h-60h | 1964-9002
856 4 1 _uhttps://shs.cairn.info/revue-la-geographie-2023-3-page-54h?lang=fr&redirect-ssocas=7080
999 _c1626998
_d1626998